[Event "V Open FIDE"]
[Site "Forli' ITA"]
[Date "1992.09.??"]
[Round "1"]
[White "Andrienko, Anatoly"]
[Black "Thorhallsson, Throstur"]
[WhiteElo "2230"]
[BlackElo "2445"]
[Result "1/2-1/2"]
[PlyCount "117"]
[EventDate "1992.09.12"]

1. e4 d5 2. Nc3 Nf6 3. e5 Nfd7 4. Nxd5 Nxe5 5. Ne3 c5 6. b3 g6 7. Bb2 Bg7 8.
Nc4 f6 9. Nxe5 fxe5 10. Nf3 Qd6 11. Bc4 Bf6 12. h3 e4 13. Bxf6 exf6 14. Qe2 Qe7
15. Nh2 Nc6 16. O-O-O Nd4 17. Qe3 Nf5 18. Qc3 Be6 19. Bxe6 Qxe6 20. Qxc5 Rc8
21. Qb5+ Rc6 22. d4 O-O 23. d5 Qe5 24. Kb1 Rc7 25. Qb4 a5 26. Qxa5 h5 27. g4
Rfc8 28. c4 Nd6 29. Qb6 Rc5 30. Nf1 e3 31. Nxe3 Ne4 32. Qe6+ Qxe6 33. dxe6 Nxf2
34. Nd5 Kg7 35. Nb6 Nxd1 36. Nxc8 Nf2 37. Rf1 Ne4 38. Re1 f5 39. gxf5 gxf5 40.
Ne7 Kf6 41. Nd5+ Kxe6 42. Nf4+ Kf6 43. h4 Rc8 44. Nxh5+ Ke5 45. Ng3 Rh8 46. h5
Kf4 47. Nxe4 fxe4 48. Rf1+ Ke3 49. Rf5 Kd3 50. Kc1 e3 51. Rd5+ Ke4 52. Kd1 Rg8
53. h6 Rg1+ 54. Ke2 Rg2+ 55. Kf1 Rh2 56. Rd6 e2+ 57. Ke1 Ke3 58. Re6+ Kd3 59.
Rd6+ 1/2-1/2

[Event "V Open FIDE"]
[Site "Forli' ITA"]
[Date "1992.09.??"]
[Round "1"]
[White "Aurel, Luc"]
[Black "Godena, Michele"]
[WhiteElo "2225"]
[BlackElo "2435"]
[Result "0-1"]
[PlyCount "70"]
[EventDate "1992.09.12"]

1. Nf3 Nf6 2. b4 e6 3. a3 d5 4. e3 Nbd7 5. c4 a5 6. cxd5 exd5 7. b5 a4 8. d4
Bd6 9. Nc3 Nb6 10. Bd3 Qe7 11. h3 O-O 12. Bc2 Bd7 13. Nd2 Rfc8 14. O-O c5 15.
bxc6 Rxc6 16. Ne2 Rac8 17. Bd3 Ne4 18. Nb1 Qg5 19. f4 Qe7 20. Rf3 h5 21. Ra2 h4
22. Rc2 Rxc2 23. Bxc2 Bb5 24. Bd3 Bxd3 25. Qxd3 Nc4 26. Nbc3 Nb6 27. Nb5 Bb8
28. Bd2 Bd6 29. Nxd6 Qxd6 30. Bb4 Qc6 31. Rf1 Qc2 32. Qxc2 Rxc2 33. Re1 Nc4 34.
Nc1 Nxe3 35. Rxe3 Rxc1+ 0-1

[Event "V Open FIDE"]
[Site "Forli' ITA"]
[Date "1992.09.??"]
[Round "1"]
[White "Bartolini, Tommaso"]
[Black "Fries-Nielsen, Jens Ove"]
[WhiteElo "1902"]
[BlackElo "2385"]
[Result "0-1"]
[PlyCount "79"]
[EventDate "1992.09.12"]

1. d4 d5 2. c4 e6 3. Nc3 a6 4. cxd5 exd5 5. Nf3 c6 6. Bf4 Bd6 7. Bg3 Ne7 8. e3
O-O 9. Bd3 Bf5 10. Bxf5 Nxf5 11. Qd3 g6 12. O-O Nxg3 13. hxg3 Nd7 14. Rab1 f5
15. b4 Qe7 16. a3 Nf6 17. Ne2 Rae8 18. Nf4 Ne4 19. Nd2 g5 20. Nh3 g4 21. Nf4
Qg5 22. Nxe4 fxe4 23. Qd1 Rf6 24. Re1 Bxf4 25. gxf4 Qh4 26. Rb2 Rh6 27. Kf1
Qh1+ 28. Ke2 Qxg2 29. Kd2 Qxf2+ 30. Kc1 Qf3 31. Rbe2 Kh8 32. Rf1 Qh3 33. Ree1
g3 34. Rh1 Qe6 35. f5 Qf6 36. Rxh6 Qxh6 37. Qg4 Rg8 38. Qe2 Qh2 39. Qf1 g2 40.
Qg1 0-1

[Event "V Open FIDE"]
[Site "Forli' ITA"]
[Date "1992.09.??"]
[Round "1"]
[White "Conquest, Stuart C."]
[Black "Caruso, Augusto"]
[WhiteElo "2495"]
[BlackElo "2235"]
[Result "1-0"]
[PlyCount "39"]
[EventDate "1992.09.12"]

1. e4 e5 2. Bc4 Nc6 3. d3 Nf6 4. Nc3 Bc5 5. f4 a6 6. Nf3 d6 7. Rf1 Bg4 8. h3
Bxf3 9. Qxf3 Nd4 10. Qg3 Qe7 11. fxe5 dxe5 12. Qxg7 Rg8 13. Qxf6 Qxf6 14. Rxf6
Rxg2 15. Kf1 Rg3 16. b4 Nxc2 17. Bxf7+ Kd7 18. Be6+ Ke8 19. bxc5 Nxa1 20. c6
1-0

[Event "V Open FIDE"]
[Site "Forli' ITA"]
[Date "1992.09.??"]
[Round "1"]
[White "Delanoy, Arnaud"]
[Black "Arduman, Can"]
[WhiteElo "2215"]
[BlackElo "2405"]
[Result "0-1"]
[PlyCount "68"]
[EventDate "1992.09.12"]

1. e4 d6 2. d4 Nf6 3. Nc3 g6 4. f4 Bg7 5. Nf3 O-O 6. e5 dxe5 7. dxe5 Qxd1+ 8.
Nxd1 Nd5 9. c4 Nb4 10. Ne3 a5 11. a3 N4c6 12. Nd5 Na6 13. Be3 Be6 14. Be2 f6
15. exf6 exf6 16. O-O-O Rfe8 17. Rhe1 Ne7 18. Bf2 Kf7 19. Nxe7 Rxe7 20. Nd4 Bd7
21. Bf3 Rxe1 22. Rxe1 Nc5 23. Bd5+ Kf8 24. Ne6+ Nxe6 25. Bxe6 Bxe6 26. Rxe6 Kf7
27. Re2 Rd8 28. Bc5 Rd7 29. Rd2 Rxd2 30. Kxd2 Ke6 31. g4 f5 32. b3 fxg4 33. Kd3
Kf5 34. Be3 Bh6 0-1

[Event "V Open FIDE"]
[Site "Forli' ITA"]
[Date "1992.09.??"]
[Round "1"]
[White "Farago, Ivan"]
[Black "Valenti, Giuseppe"]
[WhiteElo "2510"]
[BlackElo "2265"]
[Result "1-0"]
[PlyCount "43"]
[EventDate "1992.09.12"]

1. d4 Nf6 2. c4 e6 3. Nf3 b6 4. g3 Bb7 5. Bg2 Be7 6. Nc3 O-O 7. d5 exd5 8. cxd5
Bb4 9. Nh4 Re8 10. O-O Bxc3 11. bxc3 d6 12. c4 Nbd7 13. Bb2 Ne5 14. Rc1 Ba6 15.
Qd4 Qd7 16. f4 c5 17. dxc6 Nxc6 18. Qd3 Rac8 19. Bxf6 gxf6 20. Qf5 Qxf5 21.
Nxf5 Rxe2 22. Bxc6 1-0

[Event "V Open FIDE"]
[Site "Forli' ITA"]
[Date "1992.09.??"]
[Round "1"]
[White "Golod, Vitali"]
[Black "Pamuk, Murat"]
[WhiteElo "2410"]
[BlackElo "2220"]
[Result "1-0"]
[PlyCount "101"]
[EventDate "1992.09.12"]

1. d4 e6 2. c4 f5 3. h3 Bb4+ 4. Bd2 Qe7 5. a3 Bxd2+ 6. Nxd2 Nc6 7. Ngf3 Nf6 8.
Qc2 d6 9. e4 fxe4 10. Nxe4 Nxe4 11. Qxe4 d5 12. Qe3 Bd7 13. c5 a6 14. Bd3 O-O-O
15. O-O Rde8 16. Rfe1 g5 17. Ne5 Qf6 18. Nxc6 Bxc6 19. Qe5 Qxe5 20. Rxe5 h6 21.
Rae1 Bd7 22. Be2 Ref8 23. g3 Rf6 24. Bg4 Re8 25. f3 Kd8 26. Kf2 Re7 27. Rh1 Ba4
28. h4 gxh4 29. Rxh4 Ke8 30. f4 Bc2 31. Bf3 Kf8 32. Rh1 Kg7 33. Bxd5 c6 34. Bf3
Rd7 35. Ke3 Bb3 36. Be4 Bd5 37. Bxd5 exd5 38. g4 Rg6 39. Kf3 Rf7 40. f5 Rgf6
41. Kf4 Rd7 42. Rhe1 Rf8 43. Re6 Rf6 44. g5 hxg5+ 45. Kxg5 Rff7 46. f6+ Kg8 47.
Rh1 Rd8 48. Re7 Rdf8 49. Rxf7 Rxf7 50. Kg6 Rf8 51. b4 1-0

[Event "V Open FIDE"]
[Site "Forli' ITA"]
[Date "1992.09.??"]
[Round "1"]
[White "Lagrotteria, Salvatore"]
[Black "Nemet, Ivan"]
[WhiteElo "2250"]
[BlackElo "2400"]
[Result "0-1"]
[PlyCount "82"]
[EventDate "1992.09.12"]

1. Nf3 Nf6 2. g3 g6 3. Bg2 Bg7 4. O-O O-O 5. d3 c5 6. e4 Nc6 7. Nbd2 d5 8. exd5
Nxd5 9. Nc4 Nb6 10. Nfd2 Be6 11. Ne3 h6 12. a4 Rc8 13. Ne4 Nd7 14. Re1 b6 15.
Nc3 Nd4 16. Ncd5 Nf6 17. Nf4 Bd7 18. c3 Nf5 19. Qe2 e5 20. Nfd5 Nxd5 21. Bxd5
Nxe3 22. Bxe3 Bc6 23. Bxc6 Rxc6 24. Red1 Rd6 25. a5 Qd7 26. axb6 axb6 27. Ra6
Qb5 28. Ra7 e4 29. Bf4 Rxd3 30. Rxd3 exd3 31. Qd2 Re8 32. Bxh6 Bxh6 33. Qxh6
Re1+ 34. Kg2 Qc6+ 35. Kh3 Qe6+ 36. Kh4 Qf6+ 37. Kh3 Qf5+ 38. Kg2 Qd5+ 39. f3
Re2+ 40. Kh3 Qxf3 41. Rd7 Qf5+ 0-1

[Event "V Open FIDE"]
[Site "Forli' ITA"]
[Date "1992.09.??"]
[Round "1"]
[White "Lagumina, Giulio"]
[Black "Gallagher, Joseph G."]
[WhiteElo "2250"]
[BlackElo "2510"]
[Result "0-1"]
[PlyCount "64"]
[EventDate "1992.09.12"]

1. e4 c5 2. Nf3 d6 3. d4 cxd4 4. Nxd4 Nf6 5. Nc3 a6 6. f4 Nbd7 7. Be2 g6 8. g4
Nc5 9. Nb3 Nxb3 10. axb3 Bg7 11. g5 Nd7 12. Be3 b6 13. Qd2 Bb7 14. Bf3 b5 15.
h4 b4 16. Na4 Qa5 17. h5 Rg8 18. hxg6 hxg6 19. Bg4 Bxb2 20. Bxd7+ Kxd7 21. Nc5+
Qxc5 22. Bxc5 Bc3 23. Bxb4 Bxd2+ 24. Kxd2 Bxe4 25. Rh7 Rh8 26. Rxf7 Rh2+ 27.
Ke3 Bxc2 28. Rg7 Rb8 29. Bc3 Rxb3 30. Kd4 Rh3 31. Be1 Rhd3+ 32. Kc4 d5+ 0-1

[Event "V Open FIDE"]
[Site "Forli' ITA"]
[Date "1992.09.??"]
[Round "1"]
[White "Malaniuk, Vladimir P."]
[Black "Caposciutti, Maurizio"]
[WhiteElo "2540"]
[BlackElo "2305"]
[Result "1-0"]
[PlyCount "117"]
[EventDate "1992.09.12"]

1. d4 Nf6 2. Nf3 c5 3. e3 e6 4. c4 d5 5. cxd5 exd5 6. Bb5+ Bd7 7. Bxd7+ Nbxd7
8. dxc5 Nxc5 9. O-O Be7 10. Bd2 O-O 11. Bc3 Rc8 12. Bd4 Nfe4 13. Nc3 Ne6 14.
Be5 Nxc3 15. Bxc3 h6 16. h3 b6 17. Rb1 Nc5 18. Bd4 Ne6 19. Qa4 Nc5 20. Qb5 a6
21. Qe2 b5 22. Rfd1 Ne4 23. Nd2 f5 24. Nf3 Qc7 25. Qe1 f4 26. Rbc1 Qd7 27. Ne5
Qe6 28. Rxc8 Rxc8 29. exf4 Bc5 30. Qe3 Bxd4 31. Qxd4 Rc2 32. Nd3 Nf6 33. Re1
Re2 34. Rxe2 Qxe2 35. Qe3 Qd1+ 36. Kh2 Qc2 37. f3 Qc4 38. b3 d4 39. Qe2 Qd5 40.
Qe7 Qf5 41. Qd8+ Kh7 42. Qxd4 h5 43. g4 Qd5 44. Qxd5 Nxd5 45. Kg3 Nc3 46. a3 a5
47. f5 Ne2+ 48. Kh4 Nd4 49. Nc5 Kh6 50. g5+ Kh7 51. Kxh5 Nxf5 52. g6+ Kg8 53.
Kg5 Nd4 54. Kf4 a4 55. bxa4 bxa4 56. Nxa4 Nb5 57. Nc5 Nxa3 58. Nd7 Nc4 59. h4
1-0

[Event "V Open FIDE"]
[Site "Forli' ITA"]
[Date "1992.09.??"]
[Round "1"]
[White "Manca, Federico"]
[Black "Brancaleoni, Maurizio"]
[WhiteElo "2390"]
[BlackElo "2004"]
[Result "1/2-1/2"]
[PlyCount "102"]
[EventDate "1992.09.12"]

1. e4 e5 2. Nf3 Nc6 3. Bb5 a6 4. Bxc6 dxc6 5. O-O f6 6. d4 exd4 7. Nxd4 c5 8.
Nb3 Qxd1 9. Rxd1 Bg4 10. f3 Be6 11. Bf4 c4 12. Nd4 O-O-O 13. Nc3 Rxd4 14. Rxd4
Bc5 15. Be3 Bxd4 16. Bxd4 Ne7 17. Kf2 Rd8 18. Ne2 b6 19. Bc3 c5 20. g4 Nc6 21.
Rg1 b5 22. g5 b4 23. Be1 c3 24. bxc3 Bxa2 25. gxf6 gxf6 26. Ke3 Bb1 27. cxb4
cxb4 28. Bxb4 Nxb4 29. Rxb1 Nxc2+ 30. Kf4 Rd2 31. Nc3 Rxh2 32. Nd5 a5 33. Rb2
Re2 34. Nxf6 Nd4 35. Rb6 Re1 36. Nxh7 Rf1 37. Ng5 Kc7 38. Rb2 Kc6 39. Ra2 Kb5
40. e5 a4 41. Ke4 Nb3 42. e6 Nc5+ 43. Kf5 Nxe6 44. Kxe6 Kb4 45. Ke5 a3 46. Re2
Kb3 47. Ne6 a2 48. Nd4+ Ka3 49. Re3+ Kb2 50. Rb3+ Kc1 51. Rc3+ Kb2 1/2-1/2

[Event "V Open FIDE"]
[Site "Forli' ITA"]
[Date "1992.09.??"]
[Round "1"]
[White "Mantovani, Renzo"]
[Black "Bezzi, Massimo"]
[WhiteElo "2340"]
[BlackElo "1900"]
[Result "1-0"]
[PlyCount "67"]
[EventDate "1992.09.12"]

1. e4 e5 2. Bc4 Nc6 3. Nf3 Nf6 4. Qe2 Bc5 5. c3 d6 6. d3 h6 7. Nbd2 Qe7 8. Nf1
Ng4 9. Ne3 Nxe3 10. Bxe3 Bb6 11. O-O Bg4 12. h3 Be6 13. a4 O-O 14. Nh2 Bxc4 15.
dxc4 Nd8 16. Ng4 Ne6 17. Bxh6 gxh6 18. a5 Qg5 19. axb6 Nf4 20. Qf3 axb6 21. g3
Rxa1 22. Rxa1 Nxh3+ 23. Kh2 f5 24. exf5 Nxf2 25. Nxf2 Rxf5 26. Qe2 Kg7 27. Kg2
Rf8 28. Rh1 c6 29. Rh4 Kh7 30. Qd3+ Qg6 31. Qe3 Rf5 32. Qxb6 d5 33. cxd5 cxd5
34. Qxb7+ 1-0

[Event "V Open FIDE"]
[Site "Forli' ITA"]
[Date "1992.09.??"]
[Round "1"]
[White "Mednis, Edmar John"]
[Black "Stavru, Alessandro"]
[WhiteElo "2460"]
[BlackElo "2235"]
[Result "1-0"]
[PlyCount "113"]
[EventDate "1992.09.12"]

1. c4 e6 2. g3 d5 3. Bg2 Nf6 4. Nf3 c6 5. Qc2 Nbd7 6. O-O Be7 7. d4 O-O 8. b3
Ne4 9. Bb2 f5 10. Nbd2 Qe8 11. a4 Qh5 12. Ba3 Bxa3 13. Rxa3 Ndf6 14. e3 Bd7 15.
b4 a6 16. c5 g5 17. Ne5 Qe2 18. Ra2 Qxd2 19. Qxd2 Nxd2 20. Rxd2 Be8 21. Rb2 Kg7
22. Re1 Nh5 23. Bf1 f4 24. b5 axb5 25. axb5 fxg3 26. hxg3 Ra7 27. bxc6 bxc6 28.
Bh3 Nf6 29. Bxe6 Ne4 30. Bh3 Re7 31. Rc1 h5 32. Bg2 Nf6 33. Ra1 Ng4 34. Nxg4
hxg4 35. Ra8 Rff7 36. Rbb8 Bd7 37. Ra7 Bf5 38. Rxe7 Rxe7 39. Rb6 Rc7 40. f3
gxf3 41. Bxf3 Kf7 42. Be2 Ke7 43. Ba6 Be4 44. Rb7 Rxb7 45. Bxb7 Kd7 46. Ba6 Bf5
47. Kf2 Bg4 48. Bd3 Ke7 49. e4 dxe4 50. Bxe4 Kd7 51. Ke3 Be6 52. Kf3 Kc7 53.
Bd3 Kd7 54. Ke4 Ke7 55. Ke5 Bd7 56. Be4 g4 57. Bf5 1-0

[Event "V Open FIDE"]
[Site "Forli' ITA"]
[Date "1992.09.??"]
[Round "1"]
[White "Nielsen, Peter Heine"]
[Black "Vezzani, Stefano"]
[WhiteElo "2405"]
[BlackElo "2061"]
[Result "1-0"]
[PlyCount "49"]
[EventDate "1992.09.12"]

1. e4 g6 2. d4 Bg7 3. Nf3 d6 4. c4 e5 5. Nc3 Nd7 6. Be2 Ngf6 7. d5 O-O 8. Bg5
h6 9. Bh4 a6 10. Nd2 Qe8 11. Qc2 Nh7 12. f3 c5 13. Bd3 Ndf6 14. Rb1 Bd7 15. b4
b6 16. O-O Qc8 17. Bf2 Qc7 18. a4 Rfb8 19. Rb3 Rb7 20. a5 cxb4 21. Rxb4 b5 22.
Ra1 Rc8 23. Qb2 Rbb8 24. Ra3 bxc4 25. Nxc4 1-0

[Event "V Open FIDE"]
[Site "Forli' ITA"]
[Date "1992.09.??"]
[Round "1"]
[White "Pieri, Filippo"]
[Black "Maljutin, Evgeni"]
[WhiteElo "2235"]
[BlackElo "2480"]
[Result "0-1"]
[PlyCount "132"]
[EventDate "1992.09.12"]

1. e4 d5 2. exd5 Nf6 3. d4 Nxd5 4. Be2 g6 5. c4 Nb6 6. Nc3 Bg7 7. Be3 O-O 8.
Nf3 Nc6 9. d5 Ne5 10. Nxe5 Bxe5 11. Qd2 c6 12. Bd4 Bxd4 13. Qxd4 cxd5 14. cxd5
e6 15. d6 Nd5 16. O-O Qxd6 17. Rfd1 Bd7 18. Bf3 Qb6 19. Nxd5 exd5 20. Qxb6 axb6
21. Bxd5 Bc6 22. Bb3 Rfe8 23. Rd2 Rad8 24. Rxd8 Rxd8 25. Rd1 Re8 26. Bc4 b5 27.
Bf1 Ra8 28. a3 Ra4 29. f3 Kg7 30. Kf2 Kf6 31. Ke3 Ke5 32. g3 g5 33. Rc1 Kd6 34.
Rd1+ Kc5 35. b4+ Kb6 36. Rd3 Ra8 37. Rc3 Re8+ 38. Kf2 Rd8 39. Rd3 Rf8 40. Re3
h6 41. Rc3 Ra8 42. Ke3 Re8+ 43. Kf2 Rd8 44. Rd3 Ra8 45. Rc3 Bd5 46. Ke3 Re8+
47. Kf2 Bc4 48. a4 Bxf1 49. a5+ Ka6 50. Kxf1 Rd8 51. Ke2 Rd4 52. Rc8 b6 53. Rc6
Rxb4 54. Rxb6+ Kxa5 55. Rxh6 Rd4 56. Rf6 b4 57. Rxf7 b3 58. Ra7+ Kb4 59. Ke3
Rc4 60. Rb7+ Kc3 61. f4 gxf4+ 62. gxf4 b2 63. Rxb2 Kxb2 64. h4 Kc3 65. h5 Kb4
66. h6 Kc5 0-1

[Event "V Open FIDE"]
[Site "Forli' ITA"]
[Date "1992.09.??"]
[Round "1"]
[White "Rashkovsky, Nukhim N."]
[Black "Drei, Andrea"]
[WhiteElo "2530"]
[BlackElo "2280"]
[Result "1/2-1/2"]
[PlyCount "95"]
[EventDate "1992.09.12"]

1. d4 Nf6 2. c4 e6 3. Nf3 b6 4. e3 Bb7 5. Bd3 Be7 6. O-O O-O 7. b3 d5 8. cxd5
Nxd5 9. a3 Nd7 10. Qe2 c5 11. e4 N5f6 12. e5 Nd5 13. Qe4 g6 14. Bh6 Re8 15.
Nbd2 cxd4 16. Qxd4 f5 17. h4 Nc7 18. Qf4 Nc5 19. Bc2 Nd5 20. Qg3 Nc3 21. Rfe1
Bf8 22. Bxf8 Rxf8 23. h5 Kg7 24. hxg6 h6 25. b4 Nd3 26. Bxd3 Qxd3 27. Ng5 Qxd2
28. Nxe6+ Kg8 29. Qh4 Qd5 30. Nf4 Qd7 31. Re3 Ne4 32. Rd3 Qg7 33. Rad1 Bc6 34.
f3 Ng5 35. Rd6 Bxf3 36. Rd7 Qxe5 37. Re1 Qc3 38. Ree7 Rae8 39. Rg7+ Qxg7 40.
Rxg7+ Kxg7 41. Qf2 Be4 42. Qd4+ Kg8 43. Qd7 Rd8 44. Qxa7 Rd6 45. a4 Rff6 46.
Qb8+ Kg7 47. Qa7+ Kg8 48. Qb8+ 1/2-1/2

[Event "V Open FIDE"]
[Site "Forli' ITA"]
[Date "1992.09.??"]
[Round "1"]
[White "Trevisani, Bruno"]
[Black "Cvitan, Ognjen"]
[WhiteElo "2315"]
[BlackElo "2550"]
[Result "0-1"]
[PlyCount "78"]
[EventDate "1992.09.12"]

1. c4 g6 2. Nc3 Bg7 3. g3 Nf6 4. Bg2 O-O 5. e4 d6 6. Nge2 c5 7. O-O Nc6 8. d3
a6 9. h3 Rb8 10. a4 Ne8 11. Be3 Nc7 12. d4 cxd4 13. Nxd4 Ne6 14. Nde2 Na5 15.
b3 Bd7 16. f4 b5 17. axb5 axb5 18. f5 Nc5 19. f6 exf6 20. Rxa5 Qxa5 21. Bxc5
dxc5 22. Qxd7 bxc4 23. bxc4 Rb2 24. Qd3 Qa3 25. Nc1 f5 26. Nb5 Qa8 27. Qf3 Qxe4
28. Qxe4 fxe4 29. Bxe4 Rd8 30. Nd3 Rb3 31. Nxc5 Rxg3+ 32. Kf2 Rxh3 33. Bd5 Rh5
34. Rd1 Rf5+ 35. Ke3 Bh6+ 36. Ke2 Re8+ 37. Kd3 Re3+ 38. Kd4 Rh3 39. Nd3 Bf8 0-1

[Event "V Open FIDE"]
[Site "Forli' ITA"]
[Date "1992.09.??"]
[Round "2"]
[White "Arduman, Can"]
[Black "Malaniuk, Vladimir P."]
[WhiteElo "2405"]
[BlackElo "2540"]
[Result "0-1"]
[PlyCount "74"]
[EventDate "1992.09.12"]

1. d4 f5 2. g3 Nf6 3. Bg2 d6 4. Nf3 g6 5. b3 Bg7 6. Bb2 O-O 7. O-O Ne4 8. Nbd2
Nc6 9. c4 Nxd2 10. Qxd2 e5 11. dxe5 dxe5 12. Qd5+ Kh8 13. Qxd8 Rxd8 14. Rad1
Re8 15. Rd2 a5 16. a3 Ra6 17. c5 Be6 18. b4 axb4 19. axb4 Bc4 20. Rb1 Nxb4 21.
Rd7 Bxe2 22. Rxc7 Nd3 23. Bc3 Ra3 24. Bd2 Bxf3 25. Bxf3 e4 26. Bd1 Be5 27. Rf7
Bd4 28. Rbxb7 Ra1 29. Be3 Rxd1+ 30. Kg2 Be5 31. Rxh7+ Kg8 32. c6 Rc8 33. Rhe7
Ne1+ 34. Kh3 Nf3 35. Rbd7 Rd3 36. c7 Rxd7 37. Rxd7 Rxc7 0-1

[Event "V Open FIDE"]
[Site "Forli' ITA"]
[Date "1992.09.??"]
[Round "2"]
[White "Bezzi, Massimo"]
[Black "Lagumina, Giulio"]
[WhiteElo "1900"]
[BlackElo "2250"]
[Result "0-1"]
[PlyCount "64"]
[EventDate "1992.09.12"]

1. e4 e5 2. Nf3 Nc6 3. Bc4 Nf6 4. Ng5 d5 5. exd5 Na5 6. Bb5+ c6 7. dxc6 bxc6 8.
Qf3 Rb8 9. Bxc6+ Nxc6 10. Qxc6+ Nd7 11. d3 Be7 12. Ne4 Rb6 13. Qa4 Bb7 14. c3
O-O 15. Qc2 f5 16. Ng3 Nc5 17. O-O f4 18. Ne4 Nxd3 19. f3 Bxe4 20. fxe4 Bc5+
21. Kh1 Rd6 22. b4 Bb6 23. c4 Nxb4 24. Qb3 Bc5 25. Ba3 Rb6 26. Nc3 Nc6 27. Nb5
Nd4 28. Qa4 Rh6 29. h3 f3 30. Rxf3 Rxf3 31. Qd1 Rxa3 32. Nxa3 Bxa3 0-1

[Event "V Open FIDE"]
[Site "Forli' ITA"]
[Date "1992.09.??"]
[Round "2"]
[White "Caruso, Augusto"]
[Black "Bartolini, Tommaso"]
[WhiteElo "2235"]
[BlackElo "1902"]
[Result "1-0"]
[PlyCount "127"]
[EventDate "1992.09.12"]

1. e4 c5 2. Nf3 d6 3. d4 cxd4 4. Nxd4 Nf6 5. Nc3 a6 6. h3 e5 7. Nde2 Be7 8. g4
h6 9. Ng3 g6 10. Be3 Be6 11. Bg2 Nbd7 12. O-O h5 13. g5 Nh7 14. h4 Bxg5 15.
hxg5 h4 16. Nh5 gxh5 17. Qxh5 Qe7 18. f4 exf4 19. Bxf4 h3 20. Bf3 O-O-O 21. Kh1
Ne5 22. Bxe5 dxe5 23. g6 fxg6 24. Qxe5 Qd6 25. Qxd6 Rxd6 26. Nd5 g5 27. Rg1 Kb8
28. c4 Rg8 29. Bg4 Bxd5 30. cxd5 Re8 31. Be6 Rb6 32. b3 Rb4 33. Rae1 Rd4 34. e5
Nf8 35. Bxh3 Rxd5 36. Rxg5 Nh7 37. Rf5 Rh8 38. Kg2 Rd2+ 39. Rf2 Rxf2+ 40. Kxf2
Ng5 41. Bg2 Re8 42. Kg3 Kc7 43. Kf4 Ne6+ 44. Kf5 Nd4+ 45. Kf6 Rf8+ 46. Ke7 Rf2
47. Rc1+ Kb6 48. Bd5 Rxa2 49. e6 Re2 50. Kd7 Nxe6 51. Bxe6 Rd2+ 52. Kc8 Rd6 53.
Bf7 Rh6 54. Bd5 Rh5 55. Be6 a5 56. Kb8 Rh7 57. Bc8 Kb5 58. Bxb7 Rh8+ 59. Ka7
Rh3 60. Bc6+ Kb4 61. Ba4 Rxb3 62. Bxb3 Kxb3 63. Rb1+ Kc3 64. Kb6 1-0

[Event "V Open FIDE"]
[Site "Forli' ITA"]
[Date "1992.09.??"]
[Round "2"]
[White "Drei, Andrea"]
[Black "Brancaleoni, Maurizio"]
[WhiteElo "2280"]
[BlackElo "2004"]
[Result "1-0"]
[PlyCount "73"]
[EventDate "1992.09.12"]

1. e4 e5 2. Nf3 Nc6 3. Bb5 a6 4. Ba4 Nf6 5. O-O Be7 6. Re1 b5 7. Bb3 d6 8. c3
O-O 9. h3 Nd7 10. d4 Bf6 11. Be3 Na5 12. Bc2 Nc4 13. Bc1 Ncb6 14. Nbd2 c5 15.
Nf1 exd4 16. cxd4 cxd4 17. Nxd4 Bb7 18. Nf5 d5 19. N1g3 dxe4 20. Nxe4 Bxe4 21.
Bxe4 Rc8 22. Nd6 Rc7 23. Bf4 Nc5 24. Bc2 Nba4 25. Bxa4 Nxa4 26. Ne4 Qxd1 27.
Nxf6+ gxf6 28. Raxd1 Rc2 29. Bh6 Rfc8 30. Rd3 Nxb2 31. Rg3+ Kh8 32. Bg7+ Kg8
33. Bxf6+ Kf8 34. Bg7+ Kg8 35. Bxb2+ Kf8 36. Bg7+ Kg8 37. Be5+ 1-0

[Event "V Open FIDE"]
[Site "Forli' ITA"]
[Date "1992.09.??"]
[Round "2"]
[White "Fedorov, Vladislav"]
[Black "Pieri, Filippo"]
[WhiteElo "2405"]
[BlackElo "2235"]
[Result "1-0"]
[PlyCount "75"]
[EventDate "1992.09.12"]

1. e4 c5 2. Nf3 d6 3. c3 Nf6 4. Bd3 g6 5. Bc2 Bg7 6. O-O Nc6 7. h3 O-O 8. d3 b6
9. a3 Bb7 10. Nbd2 Qc7 11. Re1 e5 12. Nf1 d5 13. Bg5 dxe4 14. dxe4 Rad8 15. Qe2
Ne7 16. Bxf6 Bxf6 17. Ne3 Bg7 18. a4 Qc8 19. Bd3 Kh8 20. Nc4 Qe6 21. Qc2 Nc6
22. Ne3 Rd6 23. Bc4 Qc8 24. Rad1 Rxd1 25. Rxd1 Na5 26. Bd5 Bxd5 27. Rxd5 Rd8
28. Qd1 Rxd5 29. Qxd5 f6 30. Qf7 Qg8 31. Qxa7 Bh6 32. Nd5 Qd8 33. Qf7 Bg7 34.
h4 f5 35. Ng5 Nc4 36. exf5 gxf5 37. Qxf5 Qg8 38. Nf7+ 1-0

[Event "V Open FIDE"]
[Site "Forli' ITA"]
[Date "1992.09.??"]
[Round "2"]
[White "Giorgadze, Giorgi"]
[Black "Golod, Vitali"]
[WhiteElo "2525"]
[BlackElo "2410"]
[Result "1/2-1/2"]
[PlyCount "46"]
[EventDate "1992.09.12"]

1. d4 Nf6 2. c4 e6 3. Nc3 Bb4 4. e3 c5 5. Nge2 cxd4 6. exd4 d5 7. c5 Ne4 8. Bd2
Nxd2 9. Qxd2 b6 10. a3 Bxc3 11. Nxc3 bxc5 12. Bb5+ Bd7 13. dxc5 a5 14. O-O a4
15. Bd3 O-O 16. f4 Qa5 17. f5 Qxc5+ 18. Kh1 exf5 19. Bxf5 d4 20. Qg5 Ra5 21.
Ne4 Qe5 22. Ng3 g6 23. Qd2 Rd5 1/2-1/2

[Event "V Open FIDE"]
[Site "Forli' ITA"]
[Date "1992.09.??"]
[Round "2"]
[White "Godena, Michele"]
[Black "Tiviakov, Sergei"]
[WhiteElo "2435"]
[BlackElo "2585"]
[Result "1/2-1/2"]
[PlyCount "84"]
[EventDate "1992.09.12"]

1. e4 c5 2. c3 d5 3. exd5 Qxd5 4. d4 Nf6 5. Nf3 Nc6 6. Be2 cxd4 7. cxd4 e6 8.
O-O Be7 9. Nc3 Qd6 10. Nb5 Qd8 11. Bf4 Nd5 12. Bg3 O-O 13. Bc4 Qb6 14. Qe2 a6
15. Nc3 Qa5 16. Rac1 Bd7 17. Ne4 Rad8 18. Rfd1 Bc8 19. h3 Qb6 20. Rd2 Rfe8 21.
Rcd1 Nc7 22. a3 Nd5 23. Ba2 Nf6 24. Nc3 Qa5 25. d5 exd5 26. Nxd5 Nxd5 27. Rxd5
Rxd5 28. Rxd5 Qa4 29. Ng5 Rf8 30. Qh5 Bxg5 31. Rxg5 Qd4 32. Qe2 Qf6 33. Rc5 Bf5
34. Kh2 Be6 35. Bxe6 Qxe6 36. Qxe6 fxe6 37. b4 Rf5 38. Rc2 Kf7 39. f3 a5 40.
bxa5 Rxa5 41. Rb2 Rxa3 42. Rxb7+ Kf6 1/2-1/2

[Event "V Open FIDE"]
[Site "Forli' ITA"]
[Date "1992.09.??"]
[Round "2"]
[White "Hodgson, Julian M."]
[Black "Arlandi, Ennio"]
[WhiteElo "2555"]
[BlackElo "2435"]
[Result "1/2-1/2"]
[PlyCount "90"]
[EventDate "1992.09.12"]

1. d4 d5 2. c4 e6 3. Nc3 Be7 4. Nf3 Nf6 5. Bg5 h6 6. Bxf6 Bxf6 7. Qc2 O-O 8.
O-O-O Nc6 9. e4 dxc4 10. e5 Nb4 11. Qe4 Be7 12. Bxc4 Bd7 13. d5 Qc8 14. Nd4
exd5 15. Nxd5 Nxd5 16. Bxd5 c6 17. Bc4 c5 18. Ne2 Bf5 19. Qe3 Be6 20. Bd3 Bf5
21. f4 Rd8 22. Nc3 Bg4 23. Be2 Bxe2 24. Qxe2 Qc6 25. Qe4 Qxe4 26. Nxe4 b6 27.
f5 Rxd1+ 28. Rxd1 Rd8 29. g3 Rxd1+ 30. Kxd1 Bd8 31. Kc2 Bc7 32. e6 fxe6 33.
fxe6 Kf8 34. Nc3 Be5 35. Nd5 b5 36. b3 c4 37. a4 a6 38. bxc4 bxc4 39. Kd2 Bd4
40. g4 a5 41. h3 g6 42. Ke2 Ke8 43. Kf3 c3 44. Ke2 Be5 45. Kd3 h5 1/2-1/2

[Event "V Open FIDE"]
[Site "Forli' ITA"]
[Date "1992.09.??"]
[Round "2"]
[White "Maljutin, Evgeni"]
[Black "Tocchioni, Doriano"]
[WhiteElo "2480"]
[BlackElo "2240"]
[Result "1/2-1/2"]
[PlyCount "105"]
[EventDate "1992.09.12"]

1. e4 c5 2. d3 d5 3. Nd2 Nf6 4. Be2 Nc6 5. Ngf3 g6 6. c3 Bg7 7. O-O O-O 8. Qc2
Qc7 9. Rb1 Rd8 10. Re1 dxe4 11. dxe4 Be6 12. a4 h6 13. Bc4 Qd7 14. Qb3 Na5 15.
Bxe6 Nxb3 16. Bxd7 Nxd2 17. Bxd2 Rxd7 18. e5 Nd5 19. e6 fxe6 20. Rxe6 Rd6 21.
Re4 Re8 22. Ne5 Nb6 23. Bf4 g5 24. Bg3 Bxe5 25. Bxe5 Rd2 26. h4 Kf7 27. hxg5
hxg5 28. a5 Nd7 29. Bg3 e5 30. b4 cxb4 31. Rexb4 b6 32. Rc4 Ke6 33. Rc7 bxa5
34. f3 Rb8 35. Rxb8 Nxb8 36. Rxa7 Nc6 37. Ra6 Kd7 38. Bf2 Kc7 39. Ra8 Kb7 40.
Rg8 Rd1+ 41. Kh2 Rc1 42. Rxg5 Rxc3 43. Bg3 Re3 44. Rg4 Ka6 45. f4 exf4 46. Rxf4
Re6 47. Bh4 Kb5 48. Bf6 a4 49. Bb2 Re2 50. Ba3 Re3 51. Rf3 Rxf3 52. gxf3 Kc4
53. f4 1/2-1/2

[Event "V Open FIDE"]
[Site "Forli' ITA"]
[Date "1992.09.??"]
[Round "2"]
[White "Manca, Federico"]
[Black "Belotti, Bruno"]
[WhiteElo "2390"]
[BlackElo "2405"]
[Result "1/2-1/2"]
[PlyCount "56"]
[EventDate "1992.09.12"]

1. e4 d6 2. d4 Nf6 3. Nc3 g6 4. Nf3 Bg7 5. h3 O-O 6. Be3 a6 7. a4 b6 8. Bc4 e6
9. O-O Bb7 10. e5 dxe5 11. Nxe5 Nc6 12. Nxc6 Bxc6 13. Qe2 a5 14. Rad1 Qc8 15.
Bf4 Qb7 16. f3 Rfd8 17. Be5 Rd7 18. Qe1 Rad8 19. Qh4 Ne8 20. Qf4 Bd5 21. Bxd5
exd5 22. Bxg7 Nxg7 23. Rfe1 c6 24. Re5 Re7 25. Rde1 Re6 26. Rxe6 Nxe6 27. Qf6
Re8 28. Nd1 Qe7 1/2-1/2